Top 25 the most populous countries in the world - Statistics

General Stats
  • This quiz has been taken 75 times
  • The average score is 22 of 25
Answer Stats
Population Answer % Correct
1,404,730,880 China
100%
1,368,025,182 India
100%
212,157,531 Brazil
98%
220,892,331 Pakistan
98%
330,420,287 United States
98%
67,132,000 France
97%
66,796,807 United Kingdom
97%
101,007,083 Egypt
95%
83,122,889 Germany
95%
127,792,286 Mexico
95%
206,139,587 Nigeria
95%
146,748,590 Russia
95%
269,603,400 Indonesia
93%
125,810,000 Japan
91%
169,418,356 Bangladesh
88%
83,838,509 Iran
88%
59,622,350 South Africa
84%
60,062,012 Italy
83%
91,994,000 DR Congo
81%
109,253,602 Philippines
79%
83,154,997 Turkey
79%
96,484,000 Vietnam
79%
100,829,000 Ethiopia
76%
66,560,680 Thailand
76%
57,637,628 Tanzania
57%
No matching quizzes found
Score Distribution
Percent of People with Each Score
Percentile by Number Answered
Your Score History
You have not taken this quiz